[Event "Rio de Janeiro CXG 1st"]
[Site "Rio de Janeiro"]
[Date "2016.03.12"]
[Round "6.6"]
[White "Fernandes, Silas Carvalho"]
[Black "Almeida, Gianluca Jorio"]
[Result "1-0"]
[WhiteElo "2052"]
[BlackElo "1959"]
[PlyCount "75"]
[EventDate "2016.02.27"]
[EventType "swiss"]
[EventRounds "6"]
[EventCountry "BRA"]
[SourceTitle "EXT 2022"]
[Source "ChessBase"]
[SourceDate "2021.10.06"]
[SourceVersion "1"]
[SourceVersionDate "2021.10.06"]
[SourceQuality "1"]

1. e4 c5 2. Nf3 Nc6 3. Bb5 Nd4 4. Bc4 e6 5. c3 b5 6. Bd3 Nxf3+ 7. Qxf3 Rb8 8. 0-0 d6 9. Bc2 Nf6 10. d4 Be7 11. dxc5 dxc5 12. Bf4 Rb7 13. e5 Nd5 14. Bg3 Rd7 15. Be4 Bb7 16. Na3 b4 17. Nc2 bxc3 18. bxc3 Ba6 19. Rfd1 0-0 20. c4 Nb4 21. Ne3 Rd4 22. a3 Nd3 23. Nc2 Nb2 24. Nxd4 cxd4 25. Rdc1 d3 26. Rcb1 Nxc4 27. Qxd3 Qa5 28. Bf4 Rd8 29. Bxh7+ Kf8 30. Qh3 Nxe5 31. Bxe5 Qxe5 32. Bd3 Bc5 33. Bxa6 Rd2 34. Qh8+ Ke7 35. Rb7+ Kf6 36. Qh4+ Kg6 37. Qg3+ Qxg3 38. hxg3 1-0

[Event "Rio de Janeiro CXG 1st"]
[Site "Rio de Janeiro"]
[Date "2016.02.27"]
[Round "2.5"]
[White "Fernandes, Silas Carvalho"]
[Black "Baeta, Marcio Netto"]
[Result "1/2-1/2"]
[WhiteElo "2052"]
[BlackElo "1962"]
[PlyCount "76"]
[EventDate "2016.02.27"]
[EventType "swiss"]
[EventRounds "6"]
[EventCountry "BRA"]
[SourceTitle "EXT 2022"]
[Source "ChessBase"]
[SourceDate "2021.10.06"]
[SourceVersion "1"]
[SourceVersionDate "2021.10.06"]
[SourceQuality "1"]

1. d4 d5 2. c4 c6 3. Nf3 e6 4. Qc2 Nf6 5. Bf4 Nbd7 6. e3 Nh5 7. Bg5 f6 8. Bh4 g5 9. Bg3 Bb4+ 10. Nfd2 Nxg3 11. hxg3 f5 12. g4 Nf6 13. gxf5 exf5 14. Bd3 Ne4 15. a3 Bd6 16. cxd5 cxd5 17. Nc3 Be6 18. Ndxe4 fxe4 19. Bb5+ Kf7 20. Be2 Rc8 21. Bh5+ Kg7 22. Qb3 Qd7 23. Be2 Rhf8 24. f3 Bg3+ 25. Kd2 Bb8 26. Rh5 h6 27. Rah1 Rf6 28. Rf1 Bf7 29. Rhh1 Rb6 30. Qc2 Bg6 31. Qc1 Bd6 32. fxe4 Bxe4 33. Bf3 Rb3 34. Bxe4 dxe4 35. Qc2 Rb6 36. Rb1 Qf5 37. Rhf1 Qa5 38. Rfc1 Qf5 1/2-1/2

[Event "Maravilhosa-ch op"]
[Site "Maravilhosa"]
[Date "2016.01.24"]
[Round "6"]
[White "Saraiva, Alexandre Pacheco"]
[Black "Fernandes, Silas Carvalho"]
[Result "1/2-1/2"]
[WhiteElo "1909"]
[BlackElo "2052"]
[PlyCount "137"]
[EventDate "2016.01.22"]
[EventType "swiss"]
[EventRounds "6"]
[EventCountry "BRA"]
[SourceTitle "CBM 170 Extra"]
[Source "ChessBase"]
[SourceDate "2016.02.25"]
[SourceVersion "1"]
[SourceVersionDate "2016.02.25"]
[SourceQuality "1"]

1. e4 c5 2. Nf3 d6 3. d4 cxd4 4. Nxd4 Nf6 5. Nc3 a6 6. Be2 e5 7. Nb3 Be6 8. 0-0 Nbd7 9. Be3 b5 10. a3 Be7 11. f3 0-0 12. Qd2 Qc7 13. Rac1 Rab8 14. Kh1 Nb6 15. Nd1 d5 16. exd5 Nbxd5 17. Bf2 Nf4 18. Re1 Rfd8 19. Qa5 Qc6 20. Qc3 Qxc3 21. Nxc3 Bxb3 22. cxb3 Rd2 23. g3 Ng6 24. Nd1 e4 25. Ba7 Rbd8 26. fxe4 Nxe4 27. Be3 Bg5 28. Bxg5 Nxg5 29. Bg4 h6 30. h4 Nh7 31. Rc8 Nf6 32. Rxd8+ Rxd8 33. Bf3 Rd6 34. Nc3 Kf8 35. Kg2 Ne7 36. Rd1 Nf5 37. Rxd6 Nxd6 38. Kf2 Ke7 39. g4 Ke6 40. Ke3 Ke5 41. Be2 Nfe8 42. Bd3 Nc7 43. Bc2 g6 44. Bd3 f5 45. gxf5 Nxf5+ 46. Bxf5 Kxf5 47. Kf3 Ke5 48. Na2 Nd5 49. Nc3 Kd4 50. Ne4 Ke5 51. Nc5 Nc7 52. Ke3 g5 53. hxg5 hxg5 54. Nd7+ Kd6 55. Nb8 a5 56. Ke4 Ne6 57. b4 a4 58. Kf5 Kc7 59. Kxe6 Kxb8 60. Kf5 Kc7 61. Kxg5 Kd6 62. Kf6 Kd5 63. Ke7 Kc4 64. Kd6 Kb3 65. Kc5 Kxb2 66. Kxb5 Kxa3 67. Kc4 Kb2 68. b5 a3 69. b6 1/2-1/2

[Event "Maravilhosa-ch op"]
[Site "Maravilhosa"]
[Date "2016.01.23"]
[Round "3"]
[White "Fernandes, Silas Carvalho"]
[Black "Dias, Joao Batista de Sou"]
[Result "1-0"]
[WhiteElo "2052"]
[BlackElo "1908"]
[PlyCount "109"]
[EventDate "2016.01.22"]
[EventType "swiss"]
[EventRounds "6"]
[EventCountry "BRA"]
[SourceTitle "CBM 170 Extra"]
[Source "ChessBase"]
[SourceDate "2016.02.25"]
[SourceVersion "1"]
[SourceVersionDate "2016.02.25"]
[SourceQuality "1"]

1. e4 e5 2. Nf3 Nc6 3. Bb5 a6 4. Ba4 Be7 5. 0-0 b5 6. Bb3 Nf6 7. Re1 0-0 8. c3 d6 9. d4 Bg4 10. d5 Na5 11. Bc2 Nb7 12. Nbd2 Nd7 13. h3 Bh5 14. Nf1 Rc8 15. g4 Bg6 16. Ng3 c6 17. dxc6 Rxc6 18. Kg2 Ndc5 19. Qd5 Rc7 20. Be3 Re8 21. g5 Ne6 22. Qd2 f6 23. gxf6 Bxf6 24. Nf5 Rd7 25. Rad1 Rf8 26. Bb3 Bf7 27. Bd5 Be7 28. Bxb7 Rxb7 29. Nxd6 Bh5 30. Nxb7 Bxf3+ 31. Kh2 Qe8 32. Qd7 Qf7 33. Nd6 Qf6 34. Nf5 Bc5 35. Bxc5 Nxc5 36. Qd5+ Ne6 37. Qb3 Bxd1 38. Rxd1 g6 39. Rd6 Re8 40. Ne3 Qxf2+ 41. Ng2 Qf7 42. Qd5 Ng5 43. Ne3 Kf8 44. Qxf7+ Kxf7 45. Rxa6 Nxe4 46. Rb6 Rd8 47. Rxb5 Rd2+ 48. Kg1 Ng5 49. Kf1 Nxh3 50. a4 e4 51. a5 Rd7 52. a6 Rd6 53. Ra5 Rd8 54. a7 Ra8 55. Nd5 1-0

[Event "Rio de Janeiro Guanabara op 4th"]
[Site "Rio de Janeiro"]
[Date "2015.10.03"]
[Round "6"]
[White "Rodi, Luis Ernesto"]
[Black "Fernandes, Silas Carvalho"]
[Result "1-0"]
[WhiteElo "2325"]
[BlackElo "2051"]
[PlyCount "109"]
[EventDate "2015.09.12"]
[EventType "swiss"]
[EventRounds "6"]
[EventCountry "BRA"]
[SourceTitle "EXT 2017"]
[Source "ChessBase"]
[SourceDate "2016.10.25"]
[SourceVersion "1"]
[SourceVersionDate "2016.10.25"]
[SourceQuality "1"]

1. e4 e5 2. Nf3 Nc6 3. Bb5 Nf6 4. 0-0 Nxe4 5. d4 Nd6 6. Bxc6 dxc6 7. dxe5 Nf5 8. Qxd8+ Kxd8 9. h3 Be7 10. Nc3 h6 11. b3 Ke8 12. Bb2 Be6 13. Ne2 Rd8 14. Nf4 Bc8 15. Rfe1 Rg8 16. e6 fxe6 17. Nxe6 Bxe6 18. Rxe6 Kf7 19. Re4 Bd6 20. Ne5+ Bxe5 21. Rxe5 Ne7 22. Rae1 Rd7 23. c4 Rc8 24. R1e3 Ng6 25. R5e4 Kg8 26. Bc3 Rf8 27. g3 Rff7 28. Re8+ Rf8 29. R8e6 Kh7 30. h4 h5 31. Kg2 a6 32. Re8 Rxe8 33. Rxe8 b6 34. Kf3 Ne7 35. Ke2 Kg6 36. Bd2 c5 37. Bg5 Nf5 38. Be3 a5 39. Rc8 a4 40. bxa4 Nd6 41. Ra8 Nxc4 42. Bf4 Kf5 43. Ra7 Ne5 44. a5 bxa5 45. Rxa5 Nd3 46. Be3 Rd5 47. a4 Nb2 48. Ra7 g6 49. a5 c4 50. a6 Ra5 51. Rb7 c3 52. a7 c5 53. Bxc5 Rxc5 54. a8Q c2 55. Qf8+ 1-0

[Event "Rio de Janeiro Guanabara op 2nd"]
[Site "Rio de Janeiro"]
[Date "2015.05.23"]
[Round "6"]
[White "Fernandes, Silas Carvalho"]
[Black "Maia, Marco Aurelio Ferre"]
[Result "1/2-1/2"]
[WhiteElo "2019"]
[BlackElo "2140"]
[PlyCount "104"]
[EventDate "2015.05.09"]
[EventType "swiss"]
[EventRounds "6"]
[EventCountry "BRA"]
[SourceTitle "CBM 166 Extra"]
[Source "ChessBase"]
[SourceDate "2015.06.18"]
[SourceVersion "1"]
[SourceVersionDate "2015.06.18"]
[SourceQuality "1"]

1. d4 d6 2. c4 e5 3. dxe5 dxe5 4. Qxd8+ Kxd8 5. Nc3 Be6 6. b3 c6 7. Bb2 f6 8. e3 Nd7 9. Rd1 Kc7 10. Bd3 a5 11. Bc2 Ne7 12. Nf3 Nf5 13. Nd2 Be7 14. Nde4 Nc5 15. Nxc5 Bxc5 16. Ke2 Bb4 17. h3 h5 18. g4 hxg4 19. hxg4 Ng3+ 20. fxg3 Bxg4+ 21. Kd2 Rad8+ 22. Kc1 Bxd1 23. Rxd1 Rxd1+ 24. Bxd1 Bc5 25. Kd2 Rh2+ 26. Ne2 Bb4+ 27. Bc3 Bxc3+ 28. Kxc3 Kd6 29. e4 g6 30. Kd3 Kc5 31. a3 Rh1 32. Bc2 Ra1 33. Kc3 Re1 34. Kd2 Rf1 35. Kc3 Rf3+ 36. Bd3 f5 37. b4+ axb4+ 38. axb4+ Kd6 39. c5+ Ke6 40. Kd2 fxe4 41. Bxe4 Rb3 42. Bxg6 Rxb4 43. Kc3 Rg4 44. Bh5 Ra4 45. Nc1 Re4 46. Kd3 Rd4+ 47. Ke3 Kf6 48. Nd3 Rc4 49. Bf3 Kf5 50. g4+ Kg5 51. Be4 Kf6 52. Bf5 Rc3 1/2-1/2

[Event "Rio de Janeiro Guanabara op 2nd"]
[Site "Rio de Janeiro"]
[Date "2015.05.16"]
[Round "4"]
[White "Fernandes, Silas Carvalho"]
[Black "Da Silva, Claudio Oliveira"]
[Result "1-0"]
[WhiteElo "2019"]
[BlackElo "1808"]
[PlyCount "99"]
[EventDate "2015.05.09"]
[EventType "swiss"]
[EventRounds "6"]
[EventCountry "BRA"]
[SourceTitle "CBM 166 Extra"]
[Source "ChessBase"]
[SourceDate "2015.06.18"]
[SourceVersion "1"]
[SourceVersionDate "2015.06.18"]
[SourceQuality "1"]

1. e4 e5 2. Nf3 Nc6 3. Bb5 a6 4. Bxc6 dxc6 5. Nc3 Bd6 6. d4 Bg4 7. dxe5 Bxf3 8. Qxf3 Bxe5 9. Bf4 Qf6 10. Bxe5 Qxe5 11. 0-0 Nf6 12. Rad1 0-0 13. Rfe1 Rad8 14. Qe2 Rd6 15. Rd3 Rfd8 16. Red1 h6 17. g3 Rxd3 18. Rxd3 Rxd3 19. Qxd3 Qd6 20. Kg2 Kf8 21. f4 Qxd3 22. cxd3 Ke7 23. Kf3 Nd7 24. d4 Nb6 25. b3 Nd7 26. g4 Nb6 27. h4 Nd7 28. e5 Nb6 29. Ke4 Kd7 30. f5 Ke7 31. g5 hxg5 32. hxg5 Kd7 33. a3 Ke7 34. Ne2 Nd5 35. Ng3 Nc3+ 36. Kd3 Nd5 37. Ne4 b6 38. Ng3 Nf4+ 39. Kc4 Kd7 40. b4 b5+ 41. Kc3 Ke7 42. Ne4 Nd5+ 43. Kd2 Nb6 44. Nc5 Kd8 45. Nxa6 Nc4+ 46. Kd3 Kc8 47. Nc5 Nxa3 48. e6 Nc4 49. exf7 Ne5+ 50. dxe5 1-0

[Event "Rio de Janeiro Guanabara op 1st"]
[Site "Rio de Janeiro"]
[Date "2015.03.21"]
[Round "5"]
[White "Fernandes, Silas Carvalho"]
[Black "Chaves, Jorge Antonio Torre"]
[Result "1-0"]
[WhiteElo "2034"]
[BlackElo "1988"]
[PlyCount "95"]
[EventDate "2015.03.07"]
[EventType "swiss"]
[EventRounds "6"]
[EventCountry "BRA"]
[SourceTitle "EXT 2016"]
[Source "ChessBase"]
[SourceDate "2015.10.08"]
[SourceVersion "1"]
[SourceVersionDate "2015.10.08"]
[SourceQuality "1"]

1. e4 c5 2. Nf3 Nc6 3. Nc3 d6 4. Bb5 Bd7 5. 0-0 a6 6. Bxc6 Bxc6 7. d3 Nf6 8. Re1 e6 9. Bg5 h6 10. Bf4 Nh5 11. Be3 Nf6 12. Qe2 Be7 13. Rad1 Qc7 14. h3 0-0 15. Bf4 e5 16. Bc1 b5 17. Nh2 b4 18. Nb1 d5 19. exd5 Bxd5 20. c4 Bb7 21. Ng4 Nxg4 22. Qxg4 f5 23. Qg3 f4 24. Qg4 Rf6 25. Nd2 Kh7 26. Ne4 Rg6 27. Qf3 a5 28. Kh2 a4 29. g3 fxg3+ 30. fxg3 Rf8 31. Qg2 Bh4 32. Re3 Qf7 33. Rg1 Kh8 34. Bd2 Bg5 35. Re2 Bxd2 36. Rxd2 Rf6 37. Qe2 Rf3 38. Rg2 Qc7 39. Qe1 Rf1 40. Qe3 Ra1 41. Rgf2 Rc8 42. b3 axb3 43. axb3 Qa5 44. Rb2 Qa3 45. g4 Rd1 46. g5 Qa1 47. Qf3 Qa6 48. Qxd1 1-0

[Event "Rio de Janeiro Guanabara op 1st"]
[Site "Rio de Janeiro"]
[Date "2015.03.14"]
[Round "4"]
[White "Santos Filho, Tadeu Souza"]
[Black "Fernandes, Silas Carvalho"]
[Result "1-0"]
[WhiteElo "2065"]
[BlackElo "2034"]
[PlyCount "101"]
[EventDate "2015.03.07"]
[EventType "swiss"]
[EventRounds "6"]
[EventCountry "BRA"]
[SourceTitle "EXT 2016"]
[Source "ChessBase"]
[SourceDate "2015.10.08"]
[SourceVersion "1"]
[SourceVersionDate "2015.10.08"]
[SourceQuality "1"]

1. e4 e5 2. Nf3 Nc6 3. Nc3 Nf6 4. d4 exd4 5. Nxd4 Bb4 6. Nxc6 dxc6 7. Qxd8+ Kxd8 8. Bg5 Ke8 9. Bd3 Be6 10. a3 Be7 11. Bf4 Rc8 12. Ne2 Nd7 13. Nd4 Nc5 14. Rd1 Nxd3+ 15. Rxd3 Bd7 16. 0-0 c5 17. Ne2 Bb5 18. Rd2 Bf6 19. e5 Be7 20. Rfd1 Rd8 21. Nc3 Rxd2 22. Rxd2 Bc6 23. Nd5 Bd8 24. c4 b6 25. e6 fxe6 26. Nxc7+ Kf7 27. Nb5 Bxb5 28. cxb5 Be7 29. Rd7 Rd8 30. Rxd8 Bxd8 31. Bb8 Ke7 32. Bxa7 Kd6 33. a4 Kc7 34. a5 Kb7 35. Bxb6 Bxb6 36. axb6 Kxb6 37. Kf1 Kxb5 38. Ke2 Kc4 39. Kd2 Kb3 40. Kd3 g5 41. g4 h6 42. f3 Kxb2 43. Kc4 Kc2 44. Kxc5 Kd3 45. Kd6 Ke3 46. Kxe6 Kxf3 47. Kf5 Kg2 48. Kg6 Kf3 49. Kh5 Kf4 50. h3 Kg3 51. Kxh6 1-0

[Event "Rio de Janeiro Ferreira Memorial"]
[Site "Rio de Janeiro"]
[Date "2010.11.06"]
[Round "5.7"]
[White "Yunes, David Teles"]
[Black "Fernandes, Silas Carvalho"]
[Result "1/2-1/2"]
[WhiteElo "1847"]
[BlackElo "2081"]
[PlyCount "22"]
[EventDate "2010.10.02"]
[EventType "swiss"]
[EventRounds "7"]
[EventCountry "BRA"]
[SourceTitle "EXT 2022"]
[Source "ChessBase"]
[SourceDate "2021.10.06"]
[SourceVersion "1"]
[SourceVersionDate "2021.10.06"]
[SourceQuality "1"]

1. e4 c5 2. Nf3 d6 3. d4 cxd4 4. Nxd4 Nf6 5. Nc3 e5 6. Nde2 Be6 7. g3 d5 8. exd5 Bxd5 9. Nxd5 Qxd5 10. Qxd5 Nxd5 11. Bg2 Nb4 1/2-1/2

[Event "Rio de Janeiro Estadual Mestres"]
[Site "Rio de Janeiro"]
[Date "2010.07.25"]
[Round "6.3"]
[White "De Carvalho, Jose Jorge"]
[Black "Fernandes, Silas Carvalho"]
[Result "1-0"]
[WhiteElo "2229"]
[BlackElo "2081"]
[PlyCount "85"]
[EventDate "2010.07.17"]
[EventType "swiss"]
[EventRounds "7"]
[EventCountry "BRA"]
[SourceTitle "EXT 2022"]
[Source "ChessBase"]
[SourceDate "2021.10.06"]
[SourceVersion "1"]
[SourceVersionDate "2021.10.06"]
[SourceQuality "1"]

1. c4 Nf6 2. Nc3 e6 3. d4 d5 4. cxd5 exd5 5. Bg5 Be7 6. e3 0-0 7. Bd3 c6 8. Qc2 h6 9. Bh4 Nh5 10. Bxe7 Qxe7 11. Nge2 Nd7 12. g4 Nhf6 13. Rg1 Re8 14. 0-0-0 Ne4 15. Ng3 Ndf6 16. h3 Nxc3 17. Qxc3 Ne4 18. Qc2 Nxg3 19. Rxg3 g5 20. Rh1 Kg7 21. Qe2 Bd7 22. Kb1 c5 23. dxc5 Qxc5 24. h4 Rh8 25. hxg5 hxg5 26. Rgh3 Rxh3 27. Rxh3 Rh8 28. Rxh8 Kxh8 29. Qf3 Kg7 30. Qh3 Qf8 31. Qh7+ Kf6 32. Bf5 Bc6 33. Bc2 Bd7 34. Bf5 Bc6 35. a3 a5 36. f4 gxf4 37. Qh4+ Ke5 38. Qh2 Kd6 39. Qxf4+ Kc5 40. Be6 Qh8 41. Bxf7 Qh1+ 42. Ka2 a4 43. Qb4# 1-0

[Event "Rio de Janeiro Maravilhosa op"]
[Site "Rio de Janeiro"]
[Date "2010.05.08"]
[Round "4"]
[White "Chaves, Jorge Antonio Torre"]
[Black "Fernandes, Silas Carvalho"]
[Result "0-1"]
[WhiteElo "1991"]
[BlackElo "2014"]
[PlyCount "106"]
[EventDate "2010.04.10"]
[EventType "swiss"]
[EventRounds "7"]
[EventCountry "BRA"]
[SourceTitle "EXT 2012"]
[Source "ChessBase"]
[SourceDate "2011.11.24"]
[SourceVersion "1"]
[SourceVersionDate "2011.11.24"]
[SourceQuality "1"]

1. d4 d5 2. Nf3 Nf6 3. c4 c6 4. Nc3 e6 5. e3 Nbd7 6. Bd3 dxc4 7. Bxc4 b5 8. Bd3 a6 9. 0-0 c5 10. Qe2 Bb7 11. e4 cxd4 12. Nb1 e5 13. Bg5 Bc5 14. a4 b4 15. Nbd2 0-0 16. Nb3 Bd6 17. a5 Qe7 18. Rac1 h6 19. Bd2 Qe6 20. Na1 Nc5 21. Rxc5 Bxc5 22. h3 Rfc8 23. Nh4 Bf8 24. Nf5 Kh7 25. b3 g6 26. Ng3 Rc7 27. Bc4 Qc6 28. Re1 Qc5 29. Qf3 Bg7 30. Nc2 Qxa5 31. Bxb4 Qb6 32. Qd3 a5 33. Bd2 Ba6 34. Na3 a4 35. b4 Rxc4 36. Nxc4 Qb5 37. Rc1 Rc8 38. Nxe5 Rxc1+ 39. Bxc1 Qxd3 40. Nxd3 Bxd3 41. f3 Bf8 42. Ba3 Nd7 43. Nh1 Nb6 44. Nf2 Bb5 45. Bb2 Bxb4 46. Bxd4 Nd7 47. Ba1 a3 48. Nd1 Bc5+ 49. Kh2 Be2 50. Nc3 Bd4 51. f4 Bd3 52. e5 Nc5 53. g4 Nb3 0-1

[Event "Rio de Janeiro Estadual op"]
[Site "Rio de Janeiro"]
[Date "2010.01.24"]
[Round "7"]
[White "De Carvalho, Jose Jorge"]
[Black "Fernandes, Silas Carvalho"]
[Result "1/2-1/2"]
[WhiteElo "2231"]
[BlackElo "2014"]
[PlyCount "113"]
[EventDate "2010.01.16"]
[EventType "swiss"]
[EventRounds "7"]
[EventCountry "BRA"]
[SourceTitle "EXT 2012"]
[Source "ChessBase"]
[SourceDate "2011.11.24"]
[SourceVersion "1"]
[SourceVersionDate "2011.11.24"]
[SourceQuality "1"]

1. e4 c5 2. Nf3 d6 3. Bb5+ Bd7 4. Bxd7+ Qxd7 5. c4 Nc6 6. d4 cxd4 7. Nxd4 Nf6 8. Nc3 g6 9. 0-0 Bg7 10. Nc2 0-0 11. b3 Rac8 12. Qe2 Qg4 13. f3 Qh5 14. Be3 Qa5 15. Bd2 Nd7 16. Nd5 Qd8 17. Rad1 Nc5 18. Be3 b6 19. Qd2 Re8 20. Nd4 Qd7 21. Nb5 Qb7 22. Kh1 a6 23. Nbc3 b5 24. b4 Nd7 25. cxb5 axb5 26. a4 bxa4 27. Nxa4 Nce5 28. Bg5 Nc4 29. Qf2 f6 30. Bd2 e6 31. Ne3 Nde5 32. Bc3 Nxe3 33. Qxe3 Qc6 34. Ra1 Nc4 35. Qf2 d5 36. Nc5 Ra8 37. Rfe1 Rxa1 38. Bxa1 dxe4 39. Nxe4 Kf7 40. Rc1 Rd8 41. Nd2 Qb6 42. Qxb6 Nxb6 43. Ne4 Nd5 44. b5 Rb8 45. Kg1 Ke7 46. Rb1 Bh6 47. Bd4 Bf4 48. Kf2 Bd6 49. g3 Rb7 50. f4 e5 51. fxe5 fxe5 52. Bc5 Bxc5+ 53. Nxc5 Rb8 54. Kf3 Kd6 55. Ke4 Nf6+ 56. Kd3 Nd5 57. Kc4 1/2-1/2